[Event "Helsingor Xtracon op"]
[Site "Helsingor"]
[Date "2018.07.28"]
[Round "9"]
[White "Poulsen, Iver"]
[Black "Mikalsen, Erlend"]
[Result "0-1"]
[WhiteElo "2133"]
[BlackElo "2292"]
[PlyCount "60"]
[EventDate "2018.07.21"]
[EventType "swiss"]
[EventRounds "10"]
[EventCountry "DEN"]
[SourceTitle "CBM 185 Extra"]
[Source "ChessBase"]
[SourceDate "2018.07.29"]
[SourceVersion "1"]
[SourceVersionDate "2018.07.29"]
[SourceQuality "1"]

1. e4 c5 2. Nc3 Nc6 3. Nf3 g6 4. d4 cxd4 5. Nxd4 Bg7 6. Be3 Nf6 7. f3 0-0 8. g4 Qb6 9. Rb1 Nxg4 10. fxg4 Nxd4 11. Nd5 Qe6 12. Bg2 Nc6 13. Nc7 Qe5 14. Nxa8 Qb8 15. Nb6 axb6 16. 0-0 b5 17. a3 d6 18. h3 Be6 19. c3 Ne5 20. Bd4 Rc8 21. Rf2 Qc7 22. Ra1 Bf6 23. a4 Bh4 24. axb5 Bxf2+ 25. Bxf2 Qc4 26. b6 Nd3 27. Bf1 Nxf2 28. Bxc4 Nxd1 29. Bxe6 fxe6 30. Rxd1 Rc6 0-1

[Event "Helsingor Xtracon op"]
[Site "Helsingor"]
[Date "2018.07.22"]
[Round "2"]
[White "Aagaard, Jacob"]
[Black "Poulsen, Iver"]
[Result "1/2-1/2"]
[WhiteElo "2482"]
[BlackElo "2133"]
[PlyCount "48"]
[EventDate "2018.07.21"]
[EventType "swiss"]
[EventRounds "10"]
[EventCountry "DEN"]
[SourceTitle "CBM 185 Extra"]
[Source "ChessBase"]
[SourceDate "2018.07.29"]
[SourceVersion "1"]
[SourceVersionDate "2018.07.29"]
[SourceQuality "1"]

1. c4 e6 2. d4 d5 3. Nc3 c6 4. Nf3 dxc4 5. a4 Bb4 6. e3 b5 7. Bd2 a5 8. axb5 Bxc3 9. Bxc3 cxb5 10. b3 Bb7 11. bxc4 b4 12. Bb2 Nf6 13. Bd3 0-0 14. 0-0 Nbd7 15. Nd2 Qc7 16. Re1 a4 17. d5 Nc5 18. Bxf6 gxf6 19. Bxh7+ Kxh7 20. Qh5+ Kg7 21. Qg4+ Kh7 22. Qh4+ Kg7 23. Qg4+ Kh7 24. Qh4+ Kg7 1/2-1/2

[Event "Politiken Cup 37th"]
[Site "Helsingor"]
[Date "2015.07.28"]
[Round "5"]
[White "Poulsen, Iver"]
[Black "Rydstrom, Tom"]
[Result "1/2-1/2"]
[WhiteElo "2119"]
[BlackElo "2346"]
[PlyCount "95"]
[EventDate "2015.07.25"]
[EventType "swiss"]
[EventRounds "10"]
[EventCountry "DEN"]
[SourceTitle "CBM 167 Extra"]
[Source "ChessBase"]
[SourceDate "2015.09.14"]
[SourceVersion "1"]
[SourceVersionDate "2015.09.14"]
[SourceQuality "1"]

1. c4 e5 2. Nc3 Nf6 3. g3 d5 4. cxd5 Nxd5 5. Nf3 Nc6 6. Bg2 Nb6 7. 0-0 Be7 8. a4 a5 9. d3 Be6 10. Be3 Nd5 11. Bd2 f6 12. Nxd5 Bxd5 13. Bc3 g5 14. e4 Bf7 15. Bh3 h5 16. Bf5 Bc5 17. Qd2 Qd6 18. Rfd1 Bb3 19. Rdc1 b6 20. Qe2 Rd8 21. d4 exd4 22. Bxd4 Nxd4 23. Nxd4 Qxd4 24. Qb5+ Kf8 25. Rxc5 Qxc5 26. Qxb3 Rd2 27. Rf1 Kg7 28. h4 gxh4 29. gxh4 Qe5 30. Kh1 Kf8 31. Qa3+ Qd6 32. Qc3 Rd1 33. Rxd1 Qxd1+ 34. Kh2 Qd6+ 35. Kg2 Rg8+ 36. Kh3 Rg1 37. f4 Rd1 38. e5 fxe5 39. fxe5 Qd4 40. Qf3 Ke7 41. Be4 Qd7+ 42. Bf5 Qd2 43. Be4 Qd7+ 44. Bf5 Qd5 45. Be4 Qe6+ 46. Bf5 Qd5 47. Be4 Qd7+ 48. Bf5 1/2-1/2

[Event "DEN-chT 1415 53rd"]
[Site "Denmark"]
[Date "2015.03.08"]
[Round "9.2"]
[White "Brynell, Stellan"]
[Black "Poulsen, Iver"]
[Result "1-0"]
[WhiteElo "2459"]
[BlackElo "2095"]
[PlyCount "67"]
[EventDate "2014.10.25"]
[EventType "team-tourn"]
[EventRounds "9"]
[EventCountry "DEN"]
[SourceTitle "EXT 2016"]
[Source "ChessBase"]
[SourceDate "2015.10.08"]
[SourceVersion "1"]
[SourceVersionDate "2015.10.08"]
[SourceQuality "1"]
[WhiteTeam "Nordkalotten"]
[BlackTeam "Esbjerg"]
[WhiteTeamCountry "DEN"]
[BlackTeamCountry "DEN"]

1. d4 e6 2. e4 d5 3. Nd2 Nc6 4. Ngf3 Nf6 5. e5 Nd7 6. Be2 Ne7 7. 0-0 c5 8. c3 Nf5 9. Bd3 g6 10. Re1 Qb6 11. dxc5 Nxc5 12. Bc2 Bd7 13. b4 Na6 14. Nb3 Qc7 15. Bd2 Nb8 16. a4 a6 17. Bd3 Nc6 18. Qe2 Bg7 19. Bf4 Nfe7 20. Qd2 0-0 21. h4 Rac8 22. h5 a5 23. b5 Nd8 24. Rac1 b6 25. Nbd4 Nb7 26. Bg5 Rfe8 27. Bf6 Nc5 28. Bc2 Nf5 29. g4 Bh6 30. Bg5 Bxg5 31. Qxg5 Ne7 32. Qh6 Rf8 33. Ng5 f6 34. Qxh7# 1-0

[Event "DEN-chT 1415 53rd"]
[Site "Denmark"]
[Date "2015.02.15"]
[Round "7.2"]
[White "Bromann, Thorbjorn"]
[Black "Poulsen, Iver"]
[Result "1-0"]
[WhiteElo "2438"]
[BlackElo "2095"]
[PlyCount "51"]
[EventDate "2014.10.25"]
[EventType "team-tourn"]
[EventRounds "9"]
[EventCountry "DEN"]
[SourceTitle "EXT 2016"]
[Source "ChessBase"]
[SourceDate "2015.10.08"]
[SourceVersion "1"]
[SourceVersionDate "2015.10.08"]
[SourceQuality "1"]
[WhiteTeam "Bronshoj"]
[BlackTeam "Esbjerg"]
[WhiteTeamCountry "DEN"]
[BlackTeamCountry "DEN"]

1. d4 d5 2. Bg5 c5 3. dxc5 Qa5+ 4. Nc3 e6 5. e4 Bxc5 6. exd5 Nf6 7. Bxf6 gxf6 8. Bb5+ Bd7 9. Bxd7+ Nxd7 10. dxe6 fxe6 11. Nge2 0-0-0 12. 0-0 Ne5 13. Qc1 Rhg8 14. Ne4 Nf3+ 15. Kh1 Nd2 16. Nxd2 Rxd2 17. Qe1 Qb4 18. Ng3 e5 19. Qe4 Kb8 20. c3 Qb6 21. Qxh7 Rgd8 22. b4 Bxf2 23. Ne4 R2d7 24. Qh6 f5 25. Qxb6 Bxb6 26. Rxf5 1-0

[Event "DEN-chT 1415 53rd"]
[Site "Denmark"]
[Date "2015.01.25"]
[Round "6.2"]
[White "Sorensen, Jan"]
[Black "Poulsen, Iver"]
[Result "1-0"]
[WhiteElo "2431"]
[BlackElo "2095"]
[PlyCount "139"]
[EventDate "2014.10.25"]
[EventType "team-tourn"]
[EventRounds "9"]
[EventCountry "DEN"]
[SourceTitle "EXT 2016"]
[Source "ChessBase"]
[SourceDate "2015.10.08"]
[SourceVersion "1"]
[SourceVersionDate "2015.10.08"]
[SourceQuality "1"]
[WhiteTeam "Aarhus/Skolerne"]
[BlackTeam "Esbjerg"]
[WhiteTeamCountry "DEN"]
[BlackTeamCountry "DEN"]

1. e4 c5 2. b3 g6 3. Bb2 Nf6 4. h4 d6 5. h5 Bg7 6. h6 Bf8 7. f4 Nc6 8. Nf3 Bg4 9. Bb5 Qc7 10. Nc3 a6 11. Bxc6+ Qxc6 12. d3 Rg8 13. Rh4 g5 14. fxg5 Rxg5 15. Qd2 Rg6 16. 0-0-0 Bh5 17. Kb1 Bxh6 18. Qe2 Bg5 19. Rhh1 Bg4 20. e5 dxe5 21. Qxe5 Bxf3 22. gxf3 Qd6 23. Qe1 0-0-0 24. Na4 b5 25. Be5 Qc6 26. Nc3 Nd7 27. f4 Nxe5 28. fxg5 Rxg5 29. Qe3 Rdg8 30. Ne4 Ng4 31. Qf4 R5g7 32. Rxh7 Nf6 33. Qf5+ e6 34. Qxf6 Rxh7 35. Qe7 Rd8 36. Rg1 Rh5 37. Qxf7 Rhd5 38. Rg6 Qe8 39. Qxe8 Rxe8 40. Nf6 Rdd8 41. Nxe8 Rxe8 42. Rg7 Rd8 43. Re7 Rd6 44. Kb2 Kd8 45. Ra7 e5 46. Kc3 Re6 47. a3 e4 48. dxe4 Rxe4 49. Rxa6 Kc7 50. a4 bxa4 51. Rxa4 Re2 52. Kd3 Rh2 53. Ra6 Rh4 54. Re6 Rd4+ 55. Kc3 Rh4 56. Kb2 Rg4 57. Ka3 Rg2 58. c4 Rg3 59. Ka4 Rh3 60. Rg6 Rf3 61. Kb5 Rxb3+ 62. Kxc5 Rc3 63. Rg7+ Kc8 64. Kb5 Rc1 65. c5 Rh1 66. Kb6 Rh6+ 67. c6 Rh8 68. Ra7 Kb8 69. c7+ Kc8 70. Ra8+ 1-0

[Event "DEN-chT 1415 53rd"]
[Site "Denmark"]
[Date "2015.01.11"]
[Round "5.2"]
[White "Poulsen, Iver"]
[Black "Borge, Nikolaj"]
[Result "1/2-1/2"]
[WhiteElo "2095"]
[BlackElo "2383"]
[PlyCount "230"]
[EventDate "2014.10.25"]
[EventType "team-tourn"]
[EventRounds "9"]
[EventCountry "DEN"]
[SourceTitle "EXT 2016"]
[Source "ChessBase"]
[SourceDate "2015.10.08"]
[SourceVersion "1"]
[SourceVersionDate "2015.10.08"]
[SourceQuality "1"]
[WhiteTeam "Esbjerg"]
[BlackTeam "Hillerod"]
[WhiteTeamCountry "DEN"]
[BlackTeamCountry "DEN"]

1. e4 c5 2. Nc3 a6 3. Nf3 b5 4. d4 cxd4 5. Nxd4 Bb7 6. Bd3 e6 7. 0-0 Ne7 8. Re1 Nbc6 9. Nxc6 dxc6 10. Qh5 g6 11. Qh4 h6 12. Be3 Bg7 13. Rad1 g5 14. Qg3 Qb8 15. Qxb8+ Rxb8 16. Bc5 Be5 17. Be2 Bc8 18. Rd3 Rb7 19. Red1 Rd7 20. Rxd7 Bxd7 21. Bh5 Rh7 22. g3 Kd8 23. Be2 Nc8 24. Rd3 Kc7 25. Nd1 Nd6 26. f3 f6 27. b3 Nb7 28. Be3 Bd6 29. Nf2 h5 30. Rd1 h4 31. Kg2 e5 32. Ng4 Bxg4 33. fxg4 Bc5 34. Bc1 Nd6 35. Bd3 hxg3 36. Kxg3 Nf7 37. Rf1 Be7 38. Rh1 Rh4 39. Be3 Nd8 40. Bf2 Ne6 41. Rd1 Bc5 42. Be1 Be3 43. h3 Rh7 44. Bf1 Rd7 45. Rxd7+ Kxd7 46. Kf3 Bc1 47. c3 Ke7 48. Ke2 Nc5 49. Bg2 a5 50. Bf2 Ne6 51. Kd1 Bf4 52. Kc2 Kd6 53. Bf1 Kc7 54. Kd3 Nf8 55. Bc5 Nd7 56. Be7 Bh2 57. Bg2 Bg1 58. Ba3 Bc5 59. Bc1 Kb6 60. a3 Bg1 61. b4 c5 62. Bd2 Kc6 63. Be1 a4 64. h4 gxh4 65. Bxh4 Bh2 66. g5 fxg5 67. Bxg5 Nb6 68. bxc5 Nc4 69. Bf3 Bg1 70. Bh5 Bxc5 71. Be8+ Kb6 72. Bd8+ Ka6 73. Bf7 Nb2+ 74. Kc2 Bxa3 75. Bc7 Nc4 76. Bxc4 bxc4 77. Bxe5 Kb6 78. Bf6 Kc6 79. Bg7 Kd7 80. Bh6 Ke6 81. Bf4 Kf6 82. Kb1 Bf8 83. Ka2 Bc5 84. Bc7 Kg5 85. Be5 Be7 86. Kb2 Kg4 87. Bd4 Kf4 88. e5 Kf5 89. Ka2 Ke6 90. Kb2 Kd5 91. Ka2 Kc6 92. Kb2 Kd5 93. Ka2 Ke4 94. Kb2 Kd3 95. Ka2 Kc2 96. e6 Kd3 97. Bg7 Ke4 98. Bh6 Kd5 99. Bc1 Kxe6 100. Ba3 Bg5 101. Bb2 Be7 102. Ba3 Bf6 103. Bb2 Kd5 104. Ka3 Ke4 105. Kxa4 Kd3 106. Kb4 Be7+ 107. Kb5 Bf8 108. Ba1 Ba3 109. Ka4 Bc1 110. Kb4 Bd2 111. Bb2 Bg5 112. Kb5 Be7 113. Ba1 Bf8 114. Bb2 Kc2 115. Kxc4 Kxb2 1/2-1/2

[Event "DEN-chT 1415 53rd"]
[Site "Denmark"]
[Date "2014.12.14"]
[Round "3.2"]
[White "Poulsen, Iver"]
[Black "Hansen, Soren Bech"]
[Result "1-0"]
[WhiteElo "2095"]
[BlackElo "2296"]
[PlyCount "79"]
[EventDate "2014.10.25"]
[EventType "team-tourn"]
[EventRounds "9"]
[EventCountry "DEN"]
[SourceTitle "EXT 2016"]
[Source "ChessBase"]
[SourceDate "2015.10.08"]
[SourceVersion "1"]
[SourceVersionDate "2015.10.08"]
[SourceQuality "1"]
[WhiteTeam "Esbjerg"]
[BlackTeam "Obro"]
[WhiteTeamCountry "DEN"]
[BlackTeamCountry "DEN"]

1. e4 d5 2. exd5 Qxd5 3. Nc3 Qd6 4. d4 Nf6 5. Nf3 a6 6. g3 Bg4 7. Bg2 Nc6 8. 0-0 0-0-0 9. d5 Nb4 10. h3 Bh5 11. Bf4 Qc5 12. Be3 Qd6 13. Bf4 Qc5 14. Be3 Qa5 15. g4 Bg6 16. Nd4 Nbxd5 17. Nb3 Qb4 18. Nxd5 Nxd5 19. Bxd5 e6 20. a3 Qb5 21. c4 Qe8 22. Bxb7+ Kxb7 23. Na5+ Kc8 24. Qf3 Qa4 25. Qb7+ Kd7 26. Rfd1+ Bd6 27. c5 Qxa5 28. Rxd6+ Ke7 29. Rxa6 Be4 30. Qa7 Qb5 31. Rb6 Qe2 32. Qxc7+ Rd7 33. Qf4 f5 34. Rd6 Rhd8 35. Rad1 Qxd1+ 36. Rxd1 Rxd1+ 37. Kh2 Rh1+ 38. Kg3 Rg1+ 39. Kh4 h6 40. Qe5 1-0

[Event "Oslo Sveins op 7th"]
[Site "Oslo"]
[Date "2014.06.20"]
[Round "5"]
[White "Poulsen, Iver"]
[Black "Hertz, Matthew F"]
[Result "1-0"]
[WhiteElo "2112"]
[BlackElo "1561"]
[PlyCount "27"]
[EventDate "2014.06.20"]
[EventType "swiss"]
[EventRounds "9"]
[EventCountry "NOR"]
[SourceTitle "EXT 2015"]
[Source "ChessBase"]
[SourceDate "2014.11.20"]
[SourceVersion "1"]
[SourceVersionDate "2014.11.20"]
[SourceQuality "1"]

1. e4 e5 2. Nf3 Nc6 3. c3 Nf6 4. d4 exd4 5. e5 Ng4 6. cxd4 Bb4+ 7. Nc3 Qe7 8. Be2 d6 9. h3 Nh6 10. Bg5 Qf8 11. 0-0 f6 12. Bxh6 gxh6 13. Nd5 fxe5 14. Nxb4 1-0

[Event "Oslo Sveins op 6th"]
[Site "Oslo"]
[Date "2013.06.22"]
[Round "2"]
[White "Machlik, Jon"]
[Black "Poulsen, Iver"]
[Result "0-1"]
[WhiteElo "1837"]
[BlackElo "2086"]
[PlyCount "36"]
[EventDate "2013.06.21"]
[EventType "swiss"]
[EventRounds "9"]
[EventCountry "NOR"]
[SourceTitle "CBM 155 Extra"]
[Source "ChessBase"]
[SourceDate "2013.08.26"]
[SourceVersion "1"]
[SourceVersionDate "2013.08.26"]
[SourceQuality "1"]

1. e4 c5 2. Nf3 Nc6 3. d4 cxd4 4. Nxd4 Nf6 5. Nc3 g6 6. Be3 Bg7 7. f3 0-0 8. g4 Qb6 9. Na4 Qa5+ 10. c3 Nxd4 11. Bxd4 d6 12. b4 Qg5 13. c4 Qf4 14. Nb2 Bxg4 15. Be2 Be6 16. Rc1 Rfc8 17. a4 Nxe4 18. Rg1 Bxd4 0-1

[Event "Odense Andersen op"]
[Site "Odense"]
[Date "2013.05.12"]
[Round "8"]
[White "Christensen, Bo Garner"]
[Black "Poulsen, Iver"]
[Result "1-0"]
[WhiteElo "2247"]
[BlackElo "2054"]
[PlyCount "63"]
[EventDate "2013.05.08"]
[EventType "swiss"]
[EventRounds "9"]
[EventCountry "DEN"]
[SourceTitle "CBM 154 Extra"]
[Source "ChessBase"]
[SourceDate "2013.06.25"]
[SourceVersion "2"]
[SourceVersionDate "2013.06.25"]
[SourceQuality "1"]

1. e4 c5 2. Nf3 Nc6 3. d4 cxd4 4. Nxd4 Nf6 5. Nc3 g6 6. Be3 Bg7 7. f3 0-0 8. Bc4 Qb6 9. Bb3 Nxe4 10. Nf5 Qb4 11. Nxg7 Nxc3 12. bxc3 Qxc3+ 13. Kf2 Qxg7 14. Qd2 Re8 15. h4 e6 16. h5 d5 17. Rad1 d4 18. Bh6 Qf6 19. Bg5 Qg7 20. hxg6 fxg6 21. Rh6 Bd7 22. c3 Rf8 23. cxd4 Rae8 24. Rdh1 Rf5 25. Rxh7 Qxh7 26. Rxh7 Kxh7 27. g4 Rf7 28. Kg3 Rh8 29. d5 exd5 30. Qxd5 Rhf8 31. f4 Ne7 32. Qh1+ 1-0

[Event "Odense Andersen op"]
[Site "Odense"]
[Date "2013.05.09"]
[Round "2"]
[White "Poulsen, Iver"]
[Black "Hansen, Mads"]
[Result "0-1"]
[WhiteElo "2054"]
[BlackElo "2306"]
[PlyCount "82"]
[EventDate "2013.05.08"]
[EventType "swiss"]
[EventRounds "9"]
[EventCountry "DEN"]
[SourceTitle "CBM 154 Extra"]
[Source "ChessBase"]
[SourceDate "2013.06.25"]
[SourceVersion "2"]
[SourceVersionDate "2013.06.25"]
[SourceQuality "1"]

1. e4 e5 2. Nf3 Nc6 3. Bb5 a6 4. Ba4 Nge7 5. 0-0 g6 6. c3 Bg7 7. d4 exd4 8. cxd4 b5 9. Bb3 0-0 10. Nc3 d6 11. h3 Na5 12. Bc2 c5 13. dxc5 dxc5 14. Qxd8 Rxd8 15. Bg5 Re8 16. Rad1 Be6 17. e5 Nc4 18. Ne4 Nc6 19. Nd6 N6xe5 20. Nxe8 Nxf3+ 21. gxf3 Rxe8 22. b3 Ne5 23. Kg2 f5 24. Be3 Bf8 25. Rfe1 Nc6 26. Bb1 Kf7 27. Bf4 c4 28. bxc4 bxc4 29. Bd6 Bg7 30. Bc2 Rc8 31. Ba4 c3 32. Rxe6 Kxe6 33. Bb3+ Kf6 34. Re1 Kg5 35. f4+ Kh6 36. h4 Nd4 37. Be5 Nxb3 38. axb3 c2 39. Bxg7+ Kxg7 40. Rc1 Kh6 41. Kf3 Kh5 0-1

[Event "Odense Andersen op"]
[Site "Odense"]
[Date "2013.05.08"]
[Round "1"]
[White "Jacobsen, Steen Hefsgaard"]
[Black "Poulsen, Iver"]
[Result "0-1"]
[WhiteElo "2041"]
[BlackElo "2054"]
[PlyCount "50"]
[EventDate "2013.05.08"]
[EventType "swiss"]
[EventRounds "9"]
[EventCountry "DEN"]
[SourceTitle "CBM 154 Extra"]
[Source "ChessBase"]
[SourceDate "2013.06.25"]
[SourceVersion "2"]
[SourceVersionDate "2013.06.25"]
[SourceQuality "1"]

1. d4 e6 2. Bf4 c5 3. e3 Qb6 4. b3 Nc6 5. Nf3 Nf6 6. Be2 Nd5 7. Bg3 cxd4 8. exd4 Bb4+ 9. Kf1 Nc3 10. Qd3 Nxe2 11. Kxe2 Be7 12. c3 d5 13. Nbd2 Bd7 14. a4 a5 15. Rhc1 0-0 16. Ne5 Nxe5 17. Bxe5 Rfc8 18. Rc2 f6 19. Bf4 Be8 20. Rcc1 Qa6 21. Qxa6 Rxa6 22. c4 Rac6 23. Rab1 Ba3 24. Rc3 Bg6 25. Re1 Bb2 0-1

[Event "Politiken Cup 34th"]
[Site "Helsingor"]
[Date "2012.08.03"]
[Round "8"]
[White "Nielsen, Lars Aaes"]
[Black "Poulsen, Iver"]
[Result "1/2-1/2"]
[WhiteElo "2254"]
[BlackElo "2081"]
[PlyCount "125"]
[EventDate "2012.07.28"]
[EventType "swiss"]
[EventRounds "10"]
[EventCountry "DEN"]
[SourceTitle "CBM 149 Extra"]
[Source "ChessBase"]
[SourceDate "2012.08.24"]
[SourceVersion "1"]
[SourceVersionDate "2012.08.24"]
[SourceQuality "1"]

1. e4 c5 2. c3 Nf6 3. e5 Nd5 4. Nf3 Nc6 5. d4 cxd4 6. cxd4 d6 7. a3 g6 8. b4 a6 9. Bb2 Bg7 10. Nbd2 dxe5 11. dxe5 0-0 12. Be2 Nf4 13. 0-0 Nd3 14. Bxd3 Qxd3 15. Re1 Bg4 16. h3 Bxf3 17. Nxf3 Rfd8 18. Qc1 e6 19. Rd1 Qb5 20. Qf4 Qe2 21. Rxd8+ Rxd8 22. Bc3 Rd1+ 23. Rxd1 Qxd1+ 24. Kh2 Qd5 25. g4 h6 26. Qe3 Kh7 27. Kg3 Kg8 28. h4 Qb3 29. Ba1 Qc4 30. Bb2 Qd5 31. Kf4 Qa2 32. Qd2 Qc4+ 33. Kg3 Qe4 34. Qe3 Qd5 35. Qe2 Kh7 36. Kf4 Qb3 37. Qd2 Qc4+ 38. Kg3 Qe4 39. Qf4 Qc2 40. Bd4 Kg8 41. Qe3 Ne7 42. Qd2 Qe4 43. Qe3 Qc2 44. Qc3 Qxc3 45. Bxc3 Nd5 46. Bd4 Kf8 47. Nd2 Ke8 48. Ne4 Bf8 49. Bc5 b6 50. Bxf8 Kxf8 51. Nf6 Nxf6 52. exf6 Ke8 53. Kf4 Kd7 54. Ke5 Kc6 55. f4 Kd7 56. a4 b5 57. axb5 axb5 58. Ke4 Kd6 59. Kd4 Kc6 60. Ke4 Kd6 61. h5 gxh5 62. gxh5 Kd7 63. Ke5 1/2-1/2